Statistics for AJR The Click

Click here to take the quiz!

General Stats

  • This quiz has been taken 318 times
    (102 since last reset)
  • The average score is 9 of 13

Answer Stats

HintAnswer% Correct
1.Overture
86%
3.Weak
84%
13.Come Hang Out
80%
4.Sober Up
79%
6.Turning Out
71%
9.Call My Dad
69%
10.I'm Not Famous
65%
2.The Good Part
65%
5.Drama
64%
7.No Grass Today
64%
8.Three-Thirty
63%
12.Bud Like You
59%
11.Netflix Trip
58%

Score Distribution

Percentile by Number Answered

Percent of People with Each Score

Your Score History

You have not taken this quiz since the last reset